[Event "Druzynowe Mistrzostwa Polski Juniorow - II Liga"]
[Site "Iwonicz"]
[Date "2016-07-31"]
[Round "1.56"]
[White "Karykowska, Anna"]
[Black "Szczuraszyk, Jaroslaw"]
[Result "1-0"]
[WhiteTitle "I++"]
[BlackTitle "II"]
[WhiteElo "1818"]
[BlackElo "1643"]

1. e4 c5 2. Nf3 Nc6 3. d4 cxd4 4. Nxd4 Nf6 5. Nc3 d6 6. g3 g6 7. Nde2 Bg4 8. Bg2
Bg7 9. h3 Bd7 10. O-O O-O 11. Kh2 h6 12. f4 Rc8 13. Be3 Qa5 14. Nd5 Nxd5 15. exd5
Nb4 16. c3 Na6 17. Qd2 Qc7 18. f5 Bxf5 19. Rxf5 gxf5 20. Bxh6 f6 21. Bxg7 Kxg7
22. Nd4 Qc4 23. Ne6+ Kg6 24. Nxf8+ Rxf8 25. Qe3 Rf7 26. b3 Qc5 27. Qd3 Qc8 28.
Rf1 Nc5 29. Qd4 Ne4 30. Rxf5 Ng5 31. Rf1 e5 32. dxe6 Qxe6 33. h4 Rh7 34. Kg1 Nh3+
35. Bxh3 1-0

[Event "Druzynowe Mistrzostwa Polski Juniorow - II Liga"]
[Site "Iwonicz"]
[Date "2016-07-31"]
[Round "1.57"]
[White "Mazurek, Bartosz"]
[Black "Fiedorek, Michal"]
[Result "0-1"]
[WhiteTitle "II"]
[BlackTitle "I"]
[WhiteElo "1462"]
[BlackElo "1756"]

1. e4 c5 2. Nf3 d6 3. d4 cxd4 4. Nxd4 Nf6 5. Nc3 Nc6 6. Be3 Ng4 7. Bc4 Nxe3 8.
fxe3 e6 9. O-O Be7 10. Nb3 O-O 11. Qe2 Ne5 12. Bd3 Bd7 13. Kh1 Bg5 14. Nd4 Qb6
15. Rab1 g6 16. Rfe1 h5 17. h3 Kg7 18. Qf2 Rh8 19. Nf3 Bf6 20. Nxe5 Bxe5 21. Rf1
Rhf8 22. Qd2 Qd8 23. Ne2 Bc6 24. Nd4 d5 25. Nxc6 bxc6 26. Qf2 Qg5 27. exd5 cxd5
28. c3 Bc7 29. e4 Kg8 30. exd5 Qxd5 31. Qc2 Qe5 32. Kg1 Qh2+ 33. Kf2 Bb6+ 34.
Ke1 Qg3+ 35. Kd1 Rad8 36. Rf3 Qg5 37. Qd2 Qc5 38. Kc2 Kg7 39. Rbf1 e5 40. Qe2
Rc8 41. Qe4 f5 42. Qh4 e4 43. Bxe4 fxe4 44. Qxe4 Rce8 45. Qd3 Rxf3 46. Qxf3 Qe7
47. Kb3 Qe6+ 48. c4 Bc5 49. Qb7+ Re7 50. Qd5 Bb6 51. Qf3 Qe3+ 0-1

[Event "Druzynowe Mistrzostwa Polski Juniorow - II Liga"]
[Site "Iwonicz"]
[Date "2016-07-31"]
[Round "1.58"]
[White "Lewandowski, Wiktor"]
[Black "Kebel, Bartosz"]
[Result "1/2-1/2"]
[WhiteTitle "II"]
[BlackTitle "II"]
[WhiteElo "1406"]
[BlackElo "1308"]

1. e4 c5 2. Nf3 d6 3. d4 cxd4 4. Nxd4 Nf6 5. Nc3 a6 6. g3 e5 7. Nde2 Nc6 8. Bg2
Be6 9. Nd5 Bxd5 10. exd5 Na7 11. Nc3 Qc7 12. a4 Rc8 13. Bh3 Rd8 14. O-O Be7 15.
Be3 Nc8 16. a5 O-O 17. Qd2 Rfe8 18. f3 b6 19. Bxc8 Rxc8 20. axb6 Qb7 21. Qe2 Nxd5
22. Nxd5 Qxd5 23. Rxa6 Rb8 24. Rfa1 Rec8 25. c3 Bd8 26. Rd1 Qc6 27. b7 Qxb7 28.
Raxd6 Bc7 29. R6d2 e4 30. fxe4 Qxe4 31. Bd4 Qg6 32. Re1 h6 33. Qe4 Qg5 34. Qe3
Qg6 35. Ree2 Qb1+ 36. Kg2 Qg6 37. Qe4 Qg5 38. Qe7 Qd5+ 39. Kg1 Bd6 40. Qe4 Qb5
41. Qd3 Bc7 42. Qxb5 Rxb5 43. b4 Bb6 44. Bxb6 Rxb6 45. Rd3 g6 46. Kf1 Kg7 47.
Ke1 f5 48. Kd2 Kf6 49. Rd5 Kg5 50. Rd4 Rbc6 51. h4+ Kh5 52. Re3 g5 53. hxg5 hxg5
54. b5 Rc5 55. Rb4 Rb8 56. c4 Kg4 57. b6 Rc6 58. c5+ f4 59. gxf4 gxf4 60. Ree4
Rxc5 61. Rxf4+ Kg5 62. Rf7 Kg6 63. Rc7 Rxc7 64. bxc7 Rc8 1/2-1/2

[Event "Druzynowe Mistrzostwa Polski Juniorow - II Liga"]
[Site "Iwonicz"]
[Date "2016-07-31"]
[Round "1.59"]
[White "Paluch, Kornelia"]
[Black "Maciak, Gabriela"]
[Result "0-1"]
[WhiteTitle "I"]
[BlackTitle "I"]
[WhiteElo "1188"]
[BlackElo "1492"]

1. d4 f5 2. c4 e6 3. Nc3 Nf6 4. Nf3 d5 5. Bg5 c6 6. e3 Bd6 7. Be2 Nbd7 8. O-O O-O
9. Rc1 h6 10. Bh4 b6 11. cxd5 exd5 12. Bd3 g5 13. Bg3 Bxg3 14. fxg3 Ne4 15. Nd2
Qe7 16. Be2 Bb7 17. Ncxe4 fxe4 18. Qb3 c5 19. dxc5 Nxc5 20. Qa3 Qe5 21. Nb3 Nxb3
22. Qxb3 Rxf1+ 23. Rxf1 Qd6 24. Bg4 Ba6 25. Rd1 Bd3 26. Rd2 Rf8 27. Be2 Qc5 28.
Qd1 Qxe3+ 29. Kh1 Rf2 30. Rxd3 exd3 31. Bxd3 Rd2 32. Qc1 Rxd3 33. Qc8+ Kf7 34.
Qd7+ Kf6 35. Qd8+ Qe7 36. Qh8+ Ke6 37. Qg8+ Qf7 38. Qc8+ Qd7 39. Qg8+ Qf7 40.
Qc8+ Ke5 41. Qh8+ Ke4 42. h4 Rxg3 43. Kh2 Re3 44. Qxh6 Qf4+ 45. g3 Qxg3+ 46. Kh1
Re1# 0-1

[Event "Druzynowe Mistrzostwa Polski Juniorow - II Liga"]
[Site "Iwonicz"]
[Date "2016-07-31"]
[Round "1.60"]
[White "Lascar, Maria Elena"]
[Black "Scisla, Oliwia"]
[Result "1-0"]
[WhiteTitle "I+"]
[BlackTitle "I"]
[WhiteElo "1475"]
[BlackElo "1148"]

1. e4 c6 2. c4 d5 3. exd5 cxd5 4. cxd5 Nf6 5. Qa4+ Bd7 6. Qb3 Qc7 7. Nc3 e5 8.
Nf3 Bd6 9. h3 O-O 10. Be2 e4 11. Nd4 Bc5 12. Nc2 Bf5 13. Ne3 Bg6 14. O-O Nbd7
15. Nb5 Qb6 16. Nc4 Nxd5 17. Nxb6 N7xb6 18. d4 exd3 19. Bxd3 Bxd3 20. Qxd3 Rfd8
21. Qg3 g6 22. Bh6 Re8 23. Rac1 Bf8 24. Bxf8 Kxf8 25. Nc7 Nxc7 26. Qxc7 Rab8 27.
Qd6+ Kg8 28. Rc7 Rbd8 29. Qf6 Rf8 30. Rxb7 Nd7 31. Qf3 Ne5 32. Qc3 Nd7 33. Rd1
Rc8 34. Rc7 Rcd8 35. Rdxd7 Rxd7 36. Rxd7 a6 37. Qd4 a5 38. Rd8 a4 39. Rxf8+ Kxf8
40. Qxa4 h5 41. b4 Kg7 42. b5 f5 43. b6 g5 44. b7 Kg6 45. b8=Q Kg7 46. Qd6 Kg8
47. Qe7 Kh8 48. Qae8# 1-0

[Event "Druzynowe Mistrzostwa Polski Juniorow - II Liga"]
[Site "Iwonicz"]
[Date "2016-07-31"]
[Round "1.61"]
[White "Pasieka, Marcin"]
[Black "Hladun, Bartlomiej"]
[Result "1/2-1/2"]
[WhiteTitle "I"]
[BlackTitle "II"]
[WhiteElo "1768"]
[BlackElo "1469"]

1. e4 c6 2. d4 d5 3. Nc3 dxe4 4. Nxe4 Bf5 5. Ng3 Bg6 6. Bc4 e6 7. N1e2 Bd6 8. Nf4
Nf6 9. c3 Nbd7 10. Qf3 Qc7 11. O-O O-O 12. Bb3 e5 13. Nxg6 hxg6 14. Bg5 exd4 15.
cxd4 Rae8 16. Rfe1 Qa5 17. Be3 Nb6 18. Qd1 Nbd5 19. Bd2 Qb6 20. Bc3 Rxe1+ 21.
Qxe1 Re8 22. Qd2 Qa6 23. Re1 Rxe1+ 24. Qxe1 Nf4 25. Qf1 Qb6 26. Qc4 Qc7 27. Bd2
N4d5 28. Qd3 Qe7 29. Qf3 Bb4 30. Bxb4 Nxb4 31. Qc3 Nfd5 32. Bxd5 Nxd5 33. Qd2
f6 34. Nf1 Qe4 35. a3 Nf4 36. Ne3 Qb1+ 37. Nf1 Qe4 38. Ne3 Kf7 39. f3 Qb1+ 40.
Nf1 Nd3 41. Qc3 Ke6 42. Qb3+ Kd6 43. a4 g5 44. Qa3+ Kd7 45. Qb3 Nxb2 46. Qxb7+
Kd6 47. Qb8+ Kd5 48. Qd8+ Kc4 49. Qg8+ Kd3 50. Qb3+ Kxd4 51. Qe3+ Kd5 52. Qb3+
Ke5 53. Qe3+ Kf5 54. g4+ Kg6 55. Qe8+ Kh7 56. Qh5+ Kg8 57. Qe8+ Kh7 58. Qh5+ 1/2-1/2

[Event "Druzynowe Mistrzostwa Polski Juniorow - II Liga"]
[Site "Iwonicz"]
[Date "2016-07-31"]
[Round "1.62"]
[White "Pawletko, Szymon"]
[Black "Kupiecki, Szymon"]
[Result "1/2-1/2"]
[WhiteTitle "II+"]
[BlackTitle "II"]
[WhiteElo "1543"]
[BlackElo "1432"]

1. e4 e5 2. Nf3 Nc6 3. d4 exd4 4. Bc4 Nf6 5. e5 d5 6. Bb5 Ne4 7. Nxd4 Bd7 8. Bxc6
bxc6 9. O-O Bc5 10. Be3 Bb6 11. f3 Ng5 12. Qd2 Ne6 13. b4 O-O 14. f4 Nxd4 15.
Bxd4 Qe7 16. Qc3 a5 17. Bxb6 cxb6 18. bxa5 Rxa5 19. a4 Rfa8 20. Qb3 b5 21. Nc3
Qc5+ 22. Kh1 Qc4 23. Qxc4 dxc4 24. Rfd1 Bf5 25. Rd6 Bxc2 26. Rxc6 Bxa4 27. Nxa4
Rxa4 28. Rg1 g6 29. h3 Rd8 30. Kh2 Raa8 31. Rc5 Rab8 32. Rb1 Rd4 33. Rbxb5 Rxb5
34. Rxb5 Rxf4 35. Rc5 Kf8 36. Kg3 Rd4 37. Kf3 Ke7 38. g4 g5 39. Ke3 Rd3+ 40. Ke4
Rxh3 41. Rxc4 Rg3 42. Kd5 Rd3+ 43. Ke4 Rd1 44. Rc7+ Kf8 45. Rc6 Kg7 46. Rc5 h6
47. Kf3 Rd4 48. Kg3 Rd3+ 49. Kg2 Ra3 50. Rb5 Ra6 51. Kg3 Kg6 52. Rd5 Kg7 53. Rb5
Ra3+ 54. Kg2 Ra6 55. Kg3 Kf8 56. Kf3 Ke7 57. Kg3 Ke6 58. Rb7 Ra3+ 59. Kg2 Kxe5
60. Rxf7 Ra6 61. Rf1 Rb6 62. Kg3 Rb3+ 63. Kg2 Ra3 64. Rf8 Ra2+ 65. Kg3 Ra3+ 66.
Kg2 Ra6 67. Rf1 Rf6 68. Re1+ Kf4 69. Rf1+ Ke5 70. Re1+ Kd6 71. Kg3 Re6 72. Rf1
Ke7 73. Rf5 Rf6 74. Ra5 Kf7 75. Ra8 Re6 76. Rb8 Re3+ 77. Kg2 Re4 78. Kg3 Rf4 79.
Rh8 Kg7 80. Rb8 Rf7 81. Rb6 Rf6 82. Rb8 Rf7 1/2-1/2

[Event "Druzynowe Mistrzostwa Polski Juniorow - II Liga"]
[Site "Iwonicz"]
[Date "2016-07-31"]
[Round "1.63"]
[White "Niedbala, Bartlomiej"]
[Black "Mackowiak, Filip"]
[Result "1-0"]
[WhiteTitle "I"]
[BlackTitle "II+"]
[WhiteElo "1626"]
[BlackElo "1428"]

1. e4 e6 2. d4 d5 3. Nd2 c5 4. c3 Nc6 5. exd5 Qxd5 6. Ndf3 cxd4 7. cxd4 Nf6 8.
Bd3 Bb4+ 9. Bd2 Bxd2+ 10. Qxd2 O-O 11. Ne2 Rd8 12. Rd1 Qxa2 13. Nc3 Qa5 14. O-O
Qc7 15. Qg5 Nb4 16. Bb1 Nbd5 17. Ne5 Nxc3 18. bxc3 h6 19. Qh4 Nd7 20. Qe7 Rf8
21. Rd3 Qd8 22. Qd6 Nxe5 23. Qxe5 Qg5 24. Qe4 Qf5 25. Qe2 b6 26. Rg3 Qf6 27. Qe4
g6 28. Qxa8 Ba6 29. Qf3 Qxf3 30. Rxf3 Bxf1 31. Kxf1 Rc8 32. Ke2 Kf8 33. Bxg6 Rc7
34. Bc2 Ke7 35. Kd3 b5 36. Rh3 a5 37. Rxh6 a4 38. Rh8 Ra7 39. Bb1 Kd6 40. h4 e5
41. h5 exd4 42. Kxd4 a3 43. Ba2 Ra4+ 44. Ke3 Ke7 45. Rh7 Kf6 46. Rxf7+ Kg5 47.
Rb7 Ra5 48. g4 Ra4 49. f3 Ra6 50. Rxb5+ Kh6 51. Kf4 Rf6+ 52. Kg3 Ra6 53. Kh4 Kg7
54. f4 Kh7 55. g5 Kg7 56. Rb7+ Kh8 57. g6 Rxg6 58. Rb8+ Kg7 59. hxg6 Kh6 60. f5
1-0

[Event "Druzynowe Mistrzostwa Polski Juniorow - II Liga"]
[Site "Iwonicz"]
[Date "2016-07-31"]
[Round "1.64"]
[White "Sulima, Franciszek"]
[Black "Lichorad, Mateusz"]
[Result "0-1"]
[WhiteTitle "II"]
[BlackTitle "II"]
[WhiteElo "1215"]
[BlackElo "1594"]

1. e4 e6 2. d4 d5 3. e5 c5 4. c3 Nc6 5. Nf3 Qb6 6. Be2 Bd7 7. O-O Rc8 8. dxc5 Bxc5
9. b4 Be7 10. Be3 Qc7 11. Bf4 h6 12. Qd2 g5 13. Be3 a6 14. a3 g4 15. Ne1 h5 16.
Nd3 f6 17. exf6 Nxf6 18. Bc5 Ne4 19. Qe3 Bg5 20. f4 Bf6 21. Nf2 Nxc5 22. Qxc5
Ne7 23. Qe3 Nf5 24. Qa7 Kf7 25. Rc1 Qxf4 26. Nd3 Qb8 27. Qf2 Rcg8 28. Qb6 Bc6
29. Nd2 h4 30. Nf1 d4 31. c4 h3 32. g3 Bg2 33. Nf4 Qe8 34. Bd3 Qc6 35. Qa5 Bxf1
36. Rxf1 Nxg3 37. b5 Qh1+ 38. Kf2 Qf3+ 39. Kg1 Qh1+ 40. Kf2 Qxh2+ 41. Ke1 Nxf1
42. Qc7+ Be7 43. Bxf1 Qg3+ 44. Kd1 h2 0-1

[Event "Druzynowe Mistrzostwa Polski Juniorow - II Liga"]
[Site "Iwonicz"]
[Date "2016-07-31"]
[Round "1.65"]
[White "Kotula, Magdalena"]
[Black "Filipska, Maja"]
[Result "1/2-1/2"]
[WhiteTitle "I+"]
[BlackTitle "I+"]
[WhiteElo "1567"]
[BlackElo "1406"]

1. e4 c5 2. Nf3 a6 3. c4 d6 4. Nc3 Nf6 5. d4 cxd4 6. Nxd4 g6 7. Be2 Bg7 8. Be3
Nbd7 9. O-O O-O 10. Qd2 Nc5 11. f3 Qa5 12. Rab1 Ne6 13. b4 Qc7 14. Nd5 Nxd5 15.
Nxe6 Bxe6 16. cxd5 Bd7 17. Rbc1 Qd8 18. Kh1 Bb5 19. Bxb5 axb5 20. Qf2 Ra6 21.
Rc2 f5 22. Qe2 fxe4 23. fxe4 Rxf1+ 24. Qxf1 Qd7 25. Qc1 Qg4 26. Rf2 Ra8 27. Qc2
Rc8 28. Qd3 Be5 29. Rc2 Rxc2 30. Qxc2 Qh4 31. Bg1 Qe1 32. Qc8+ Kg7 33. Qe6 Bd4
34. Qxe7+ Kg8 35. Qe8+ Kg7 36. Qe7+ Kh6 37. Qf8+ Kh5 38. Qf3+ 1/2-1/2

[Event "Druzynowe Mistrzostwa Polski Juniorow - II Liga"]
[Site "Iwonicz"]
[Date "2016-07-31"]
[Round "1.66"]
[White "Wyrzykowska, Aleksandra"]
[Black "Hertlein, Irena"]
[Result "1-0"]
[WhiteTitle "I"]
[BlackTitle "I"]
[WhiteElo "1251"]
[BlackElo "1488"]

1. e4 d5 2. exd5 Qxd5 3. Nc3 Qd6 4. Bc4 Nf6 5. Nf3 Bg4 6. h3 Bh5 7. O-O c6 8. d3
e6 9. Re1 Be7 10. Qe2 O-O 11. g4 Bg6 12. Ne5 Nd5 13. Bxd5 cxd5 14. Bf4 Qc5 15.
Nxg6 hxg6 16. Qd2 Qc6 17. Qe3 Nd7 18. d4 Nb6 19. Qd3 Rac8 20. Re2 Nc4 21. Rb1
b6 22. Nd1 f5 23. g5 Bd8 24. Ne3 Nxe3 25. Qxe3 Re8 26. Rbe1 Kf7 27. h4 Bc7 28.
Bxc7 Rxc7 29. Qf3 Rce7 30. h5 Rh8 31. hxg6+ Kxg6 32. Qg3 Rh5 33. f4 b5 34. Qa3
Qe8 35. Qd6 Kf7 36. g6+ Kg8 37. Rxe6 Qxg6+ 38. Rxg6 Rxe1+ 39. Kf2 Rhh1 40. Qxd5+
Kh7 41. Qg2 Rhf1+ 42. Qxf1 Rxf1+ 1-0

[Event "Druzynowe Mistrzostwa Polski Juniorow - II Liga"]
[Site "Iwonicz"]
[Date "2016-07-31"]
[Round "1.67"]
[White "Gajewski, Marcin"]
[Black "Klepek, Witold"]
[Result "0-1"]
[WhiteTitle "II"]
[BlackTitle "k"]
[WhiteElo "1531"]
[BlackElo "2139"]

1. Nf3 Nf6 2. g3 c5 3. Bg2 Nc6 4. d4 cxd4 5. Nxd4 d5 6. O-O e5 7. Nxc6 bxc6 8.
Bg5 Ba6 9. Nd2 Be7 10. c4 O-O 11. Qa4 Qb6 12. Rab1 Rfd8 13. Bxf6 Bxf6 14. c5 Qb5
15. Qxb5 Bxb5 16. Rfe1 e4 17. Bf1 Rab8 18. Red1 a5 19. Nb3 Ba4 20. Nxa5 Bxd1 21.
Rxd1 Rxb2 22. Nxc6 Rc8 23. Nd4 Rxa2 24. e3 Rxc5 25. Rb1 g6 26. Ne2 Rcc2 27. Rd1
Rxe2 28. Bxe2 Rxe2 29. Rxd5 Ra2 30. Rc5 Ra4 31. Kg2 Kg7 32. Rc6 Be5 33. Rb6 Rc4
34. Ra6 Kh6 35. h4 Rc2 36. Ra7 f5 37. Re7 Bd6 38. Rd7 Bb4 39. Rd1 Kh5 40. Rb1
Bd2 41. Kh3 Rc3 42. Rb7 Kh6 43. Rb2 Bxe3 44. fxe3 Rxe3 45. Kg2 Kh5 46. Rf2 Rd3
47. Rf1 Rd2+ 48. Kh3 e3 49. Rf3 Rd3 0-1

[Event "Druzynowe Mistrzostwa Polski Juniorow - II Liga"]
[Site "Iwonicz"]
[Date "2016-07-31"]
[Round "1.68"]
[White "Piela, Dominik"]
[Black "Gworys, Grzegorz"]
[Result "0-1"]
[WhiteTitle "I"]
[BlackTitle "II"]
[WhiteElo "1656"]
[BlackElo "1409"]

1. e4 e5 2. Nf3 Nc6 3. Bb5 a6 4. Ba4 Bc5 5. O-O b5 6. Bb3 Nf6 7. Nxe5 Nxe5 8. d4
Bxd4 9. Qxd4 Qe7 10. Bg5 c5 11. Qd1 c4 12. Nc3 cxb3 13. Nd5 Qc5 14. cxb3 Nxd5
15. exd5 Bb7 16. Bf4 f6 17. Bxe5 fxe5 18. Qh5+ Kd8 19. Rfd1 Qd6 20. Qg5+ Qf6 21.
Qe3 Ke8 22. Rac1 Rc8 23. Qa7 Rxc1 24. Rxc1 Rf8 25. f3 Qf4 26. Re1 Bxd5 27. Qb8+
Kf7 28. Qd6 Qd4+ 29. Kh1 Bc6 30. Qxe5 Qxe5 31. Rxe5 Re8 0-1

[Event "Druzynowe Mistrzostwa Polski Juniorow - II Liga"]
[Site "Iwonicz"]
[Date "2016-07-31"]
[Round "1.69"]
[White "Strugacz, Michal"]
[Black "Kozubek, Krystian"]
[Result "1-0"]
[WhiteTitle "III"]
[BlackTitle "II"]
[WhiteElo "1259"]
[BlackElo "1136"]

1. e4 e5 2. Nf3 Nc6 3. d4 exd4 4. Bc4 Na5 5. Qxd4 Nxc4 6. Qxc4 d6 7. O-O Be6 8.
Qb5+ Bd7 9. Qxb7 Qb8 10. Qxb8+ Rxb8 11. Nc3 Be7 12. Rb1 Bf6 13. Bd2 Ne7 14. b3
O-O 15. Ne2 Bc6 16. Ng3 Ng6 17. Rfe1 Rfe8 18. c4 Nh4 19. Nxh4 Bxh4 20. f3 Bxg3
21. hxg3 f6 22. Be3 Rb7 23. Rb2 Reb8 24. Reb1 Bd7 25. Bd4 Re8 26. b4 a6 27. c5
dxc5 28. Bxc5 Bb5 29. Rd2 Ra8 30. Rbd1 Rbb8 31. a3 Re8 32. Rc1 a5 33. bxa5 Rxa5
34. Bb4 Ra7 35. Rdc2 c6 36. Rd2 Rc8 37. Rcd1 Raa8 38. Bc5 Ba4 39. Rb1 Bb5 40.
Kf2 Re8 41. Rb4 Ra4 42. Rxa4 Bxa4 43. Rd4 Ra8 1-0

[Event "Druzynowe Mistrzostwa Polski Juniorow - II Liga"]
[Site "Iwonicz"]
[Date "2016-07-31"]
[Round "1.70"]
[White "Gradalski, Olaf"]
[Black "Binek, Dawid"]
[Result "0-1"]
[WhiteTitle "II"]
[BlackTitle "II"]
[WhiteElo "1144"]
[BlackElo "1288"]

1. e4 e5 2. Nf3 Nc6 3. Bc4 Bc5 4. c3 Nf6 5. d4 exd4 6. cxd4 Bb4+ 7. Bd2 Bxd2+ 8.
Nbxd2 O-O 9. O-O d6 10. h3 h6 11. Re1 Re8 12. a3 Bd7 13. b4 a6 14. Qb3 Re7 15.
Qa2 Qf8 16. Nh4 Kh8 17. e5 dxe5 18. dxe5 Nxe5 19. Rxe5 Rxe5 20. Bxf7 Rg5 21. Ndf3
Qd6 22. Nxg5 hxg5 23. Ng6+ Kh7 24. Qc2 Bb5 25. Rd1 Qb6 26. Qf5 g4 27. Qg5 Ng8
28. Qxg4 Nh6 29. Qe4 Nxf7 30. Nf8+ Kg8 31. Ng6 Re8 32. Qf5 Qe6 33. Qc2 Bc6 34.
Nf4 Qe5 35. Ng6 Qg5 36. g3 Be4 37. Qxc7 Qxg6 38. Rd7 Bf3 39. a4 Qb1+ 40. Kh2 Qh1#
0-1

[Event "Druzynowe Mistrzostwa Polski Juniorow - II Liga"]
[Site "Iwonicz"]
[Date "2016-07-31"]
[Round "1.71"]
[White "Knapik, Julia"]
[Black "Gredka, Dominika"]
[Result "1-0"]
[WhiteTitle "I+"]
[BlackTitle "I++"]
[WhiteElo "1627"]
[BlackElo "1687"]

1. e4 e5 2. Nf3 d6 3. Bc4 Be7 4. Nc3 Nf6 5. d4 exd4 6. Nxd4 O-O 7. Bf4 Re8 8. Qe2
Bf8 9. O-O-O a6 10. Bg5 c5 11. Nf3 h6 12. Bh4 b5 13. Bd5 Ra7 14. Qd3 Bd7 15. Rhe1
b4 16. Nb1 Bb5 17. Qb3 a5 18. a4 c4 19. Bxc4 Bxc4 20. Qxc4 Rc7 21. Qb3 Nbd7 22.
Qd5 Qc8 23. Qd2 Nc5 24. Nd4 Ncxe4 25. Qd3 Nc5 26. Qh3 Qxh3 27. gxh3 Rxe1 28. Rxe1
Nd3+ 29. Kd2 Nxe1 30. Kxe1 g5 31. Bg3 Ne4 32. Kd1 Rc5 33. Nb3 Rf5 34. Ke2 Bg7
35. N1d2 Nxg3+ 36. hxg3 Rc5 37. Nxc5 dxc5 38. b3 Be5 39. Kd3 f5 40. g4 fxg4 41.
hxg4 Kf7 42. Ne4 Bd4 43. f3 Ke6 44. Ng3 Ke5 45. Nf5 Kf4 46. Ke2 Bc3 47. Nxh6 Bf6
48. Nf5 Be5 49. Ne3 1-0

[Event "Druzynowe Mistrzostwa Polski Juniorow - II Liga"]
[Site "Iwonicz"]
[Date "2016-07-31"]
[Round "1.72"]
[White "Orlik, Sandra"]
[Black "Gorna, Anna"]
[Result "1-0"]
[WhiteTitle "I"]
[BlackTitle "III"]
[WhiteElo "1519"]
[BlackElo "1078"]

1. d4 d5 2. Nf3 Nc6 3. e3 e6 4. a3 Nf6 5. Bd3 Bd6 6. b3 e5 7. dxe5 Nxe5 8. Bb2
Bg4 9. Nbd2 c6 10. Be2 Nxf3+ 11. Nxf3 O-O 12. h3 Bf5 13. c4 Be4 14. O-O h6 15.
Bd3 Be7 16. Qe2 Re8 17. Rfd1 a6 18. Bxe4 Nxe4 19. cxd5 cxd5 20. Qd3 Bf6 21. Bxf6
Nxf6 22. Nd4 Rc8 23. Ne2 g5 24. Nc3 Re5 25. f4 gxf4 26. exf4 Rh5 27. g4 Rh4 28.
Qg3 Rxc3 29. Qxc3 Qb6+ 30. Kg2 Ne4 31. Qf3 Qe6 32. Rd4 f5 33. gxf5 Qxf5 34. Rxe4
Qxe4 35. Qxe4 dxe4 36. Kg3 Rh5 37. Re1 Rc5 38. Re3 Kf7 39. Kg4 h5+ 40. Kh4 Kf6
41. Rxe4 Rc3 42. Rb4 b5 43. Kxh5 Rxh3+ 44. Kg4 Rc3 45. a4 Rc5 46. Rd4 Kg6 47.
Re4 Kf6 48. Rd4 Ke6 49. b4 Rf5 50. Re4+ Kf6 51. Re8 Rd5 52. Rc8 Rd6 53. axb5 axb5
54. Rc5 Rb6 55. Kf3 Rb8 56. Ke4 Ke6 57. f5+ Kd6 58. Re5 Kc6 59. Re6+ Kd7 60. Ke5
Kd8 61. f6 Rb7 62. Kd6 Rb6+ 63. Kd5 Rb7 64. Kc6 Rf7 65. Kxb5 Kd7 66. Ra6 Ke8 67.
Ra8+ Kd7 68. Ra7+ Ke8 69. Rxf7 Kxf7 70. Kc6 Kxf6 71. b5 1-0

[Event "Druzynowe Mistrzostwa Polski Juniorow - II Liga"]
[Site "Iwonicz"]
[Date "2016-07-31"]
[Round "1.73"]
[White "Brozyna, Mateusz"]
[Black "Marczak, Szymon"]
[Result "1-0"]
[WhiteTitle "I"]
[BlackTitle "I"]
[WhiteElo "1831"]
[BlackElo "1709"]

1. d4 d5 2. Nf3 Nf6 3. g3 e6 4. Bg2 c5 5. O-O Nc6 6. c4 dxc4 7. Qa4 Bd7 8. Qxc4
Qb6 9. dxc5 Bxc5 10. Nc3 Na5 11. Qh4 Qb4 12. Qg5 Bf8 13. a3 Qb6 14. Ne5 h6 15.
Nxd7 Nxd7 16. Qb5 Rc8 17. Be3 Qxb5 18. Nxb5 a6 19. Nd4 e5 20. Nf3 Be7 21. Rac1
O-O 22. Bh3 Rcd8 23. Rc7 f5 24. b4 Bd6 25. Rc2 Nc6 26. Rd1 Bc7 27. Nh4 f4 28.
Rxd7 fxe3 29. Be6+ Kh7 30. fxe3 Bb6 31. Rxb7 Bxe3+ 32. Kg2 Nd4 33. Rc3 Bg5 34.
Bg4 Bxh4 35. gxh4 Rf4 36. Kh3 Nb5 37. Rg3 Nd6 38. Rd7 Rxd7 39. Bxd7 Ne4 40. Rf3
Rxf3+ 41. exf3 Nd6 42. a4 Nc4 1-0

[Event "Druzynowe Mistrzostwa Polski Juniorow - II Liga"]
[Site "Iwonicz"]
[Date "2016-07-31"]
[Round "1.74"]
[White "Franek, Krzysztof"]
[Black "Piwowarczyk, Arkadiusz"]
[Result "0-1"]
[WhiteTitle "III"]
[BlackTitle "II"]
[WhiteElo "1134"]
[BlackElo "1568"]

1. e4 e5 2. Nf3 Nc6 3. d4 exd4 4. Bc4 Bb4+ 5. c3 dxc3 6. Nxc3 d6 7. O-O Bxc3 8.
bxc3 h6 9. Nd4 Ne5 10. Bb3 Ne7 11. h3 O-O 12. f4 N5c6 13. Be3 Nxd4 14. cxd4 b6
15. f5 Kh8 16. Qh5 Ng8 17. Bxf7 Qe7 18. Bxg8 Kxg8 19. f6 Qxe4 20. f7+ Kh7 21.
Rae1 Bb7 22. Qf5+ Qxf5 23. Rxf5 Be4 24. Rf2 Bd5 25. a3 Rxf7 26. Rxf7 Bxf7 27.
Rc1 c5 28. dxc5 dxc5 29. Kf2 c4 30. Rc3 Rd8 31. Ke1 Rd7 32. g3 b5 33. h4 a5 34.
Bc5 Rd5 35. Bf2 b4 36. axb4 axb4 37. Rf3 Bh5 38. Ke2 Bxf3+ 39. Kxf3 Rf5+ 40. Ke3
Rxf2 0-1

[Event "Druzynowe Mistrzostwa Polski Juniorow - II Liga"]
[Site "Iwonicz"]
[Date "2016-07-31"]
[Round "1.75"]
[White "Suder, Jakub"]
[Black "Goszyk, Bartosz"]
[Result "1-0"]
[WhiteTitle "I"]
[BlackTitle "III"]
[WhiteElo "1751"]
[BlackElo "1126"]

1. d4 d5 2. c4 e6 3. Nc3 Nf6 4. cxd5 exd5 5. Bg5 Be6 6. e3 Nbd7 7. Bd3 c6 8. f4
g6 9. Nf3 Qc7 10. O-O Bg7 11. Ne5 O-O-O 12. Rc1 a6 13. Qb3 Rde8 14. Qa3 Nxe5 15.
fxe5 Nd7 16. Be7 Bf8 17. Bxf8 Rhxf8 18. e4 dxe4 19. Nxe4 Kb8 20. Nd6 Rd8 21. Bc4
Bxc4 22. Rxc4 Nb6 23. Rb4 Rxd6 24. exd6 Qxd6 25. Rxb6 Qxd4+ 26. Kh1 Qxb6 27. Qxf8+
Ka7 28. Qxf7 Qxb2 29. Qf2+ Qxf2 30. Rxf2 c5 31. Kg1 b5 32. Kf1 c4 33. Ke1 c3 34.
Rf6 b4 35. Kd1 a5 36. Kc2 a4 37. Rf4 1-0

[Event "Druzynowe Mistrzostwa Polski Juniorow - II Liga"]
[Site "Iwonicz"]
[Date "2016-07-31"]
[Round "1.76"]
[White "Grzybek, Mikolaj"]
[Black "Piwowarczyk, Bartlomiej"]
[Result "0-1"]
[WhiteTitle "III"]
[BlackTitle "II+"]
[WhiteElo "1201"]
[BlackElo "1425"]

1. e4 e5 2. Nf3 Nc6 3. Bc4 Bc5 4. c3 Nf6 5. d4 exd4 6. cxd4 Bb4+ 7. Nc3 Nxe4 8.
O-O Bxc3 9. bxc3 O-O 10. Qd3 d5 11. Bb3 Bf5 12. Qb5 Rb8 13. Qxd5 Qxd5 14. Bxd5
Nxc3 15. Bb3 Ne2+ 16. Kh1 Ncxd4 17. Nxd4 Nxd4 18. Be3 c5 19. Rab1 b6 20. Rbd1
Nxb3 21. axb3 Bc2 22. Rd7 Ra8 23. Ra1 a5 24. Ra3 Rfd8 25. Rxd8+ Rxd8 26. h3 Rd3
27. Kg1 Rd1+ 28. Kh2 h6 29. Bf4 Rd3 30. Bc7 c4 31. Be5 Bxb3 32. Kg1 a4 33. Kf1
b5 34. Ke2 Bd1+ 35. Ke1 Rxa3 0-1

[Event "Druzynowe Mistrzostwa Polski Juniorow - II Liga"]
[Site "Iwonicz"]
[Date "2016-07-31"]
[Round "1.77"]
[White "Kasperek, Kinga"]
[Black "Zamarska, Sylwia"]
[Result "1-0"]
[WhiteTitle "I"]
[BlackTitle "I+"]
[WhiteElo "1585"]
[BlackElo "1601"]

1. d4 d5 2. c4 c6 3. cxd5 cxd5 4. Nc3 Nc6 5. Bf4 Nf6 6. e3 e6 7. Bb5 Bd6 8. Bxd6
Qxd6 9. f4 O-O 10. Nf3 b6 11. O-O Bb7 12. Ne5 Nd7 13. Rf3 f5 14. Rh3 Nf6 15. Qe1
a6 16. Bxc6 Bxc6 17. Qh4 Be8 18. g4 fxg4 19. Nxg4 Bg6 20. Ne5 Bf5 21. Rg3 Qe7
22. Kh1 Rae8 23. Kg1 Nd7 24. Qxe7 Rxe7 25. Nxd7 Rxd7 26. Na4 b5 27. Nc5 Rd6 28.
b4 Rb8 29. Rg2 Kf7 30. Rb2 Ke7 31. a4 bxa4 32. Rxa4 Ra8 33. b5 Rb6 34. Ra5 Bg6
35. Rba2 Be8 36. Rxa6 Raxa6 37. bxa6 Bc6 38. Kg2 Ba8 39. Kg3 g6 40. Kg4 h6 41.
h4 Kf7 42. a7 Rb1 43. Ra6 h5+ 44. Kg3 Rg1+ 45. Kf2 Rc1 46. Nd7 Rc6 47. Rxc6 Bxc6
48. Nb6 1-0

[Event "Druzynowe Mistrzostwa Polski Juniorow - II Liga"]
[Site "Iwonicz"]
[Date "2016-07-31"]
[Round "1.78"]
[White "Szczypka, Weronika"]
[Black "Laszczuk, Zuzanna"]
[Result "1-0"]
[WhiteTitle "II"]
[BlackTitle "I"]
[WhiteElo "1179"]
[BlackElo "1043"]

1. e4 e5 2. Nf3 Nc6 3. Bc4 Bc5 4. c3 Nf6 5. d3 d6 6. O-O Bg4 7. Be3 Bb6 8. Nbd2
O-O 9. Bb3 d5 10. exd5 Nxd5 11. Bxd5 Qxd5 12. Nc4 Rad8 13. Bxb6 axb6 14. Ne3 Bxf3
15. Qxf3 Qxf3 16. gxf3 Rxd3 17. Rad1 Rxd1 18. Rxd1 g6 19. Rd7 Rc8 20. Nd5 Kg7
21. Nxc7 Kf8 22. Nd5 Rd8 23. Nxb6 Rxd7 24. Nxd7+ Ke7 25. Nc5 b6 26. Ne4 f5 27.
Nd2 Kd6 28. Kg2 g5 29. Kg3 h5 30. h4 g4 31. fxg4 fxg4 32. f4 exf4+ 33. Kxf4 Ne5
34. Ne4+ Ke6 35. Kg5 Nf3+ 36. Kxh5 Kf5 37. Ng3+ Kf4 38. Ne2+ Kf5 39. b4 Nh2 40.
c4 Ke5 41. Kg5 Ke6 42. Kg6 Nf3 43. h5 Ne5+ 44. Kg7 Nf7 45. h6 Nxh6 46. Kxh6 Kf5
47. c5 1-0

[Event "Druzynowe Mistrzostwa Polski Juniorow - II Liga"]
[Site "Iwonicz"]
[Date "2016-07-31"]
[Round "1.79"]
[White "Szustakowski, Antoni"]
[Black "Czerniawski, Krzysztof"]
[Result "1-0"]
[WhiteTitle "I++"]
[BlackTitle "I"]
[WhiteElo "2033"]
[BlackElo "1904"]

1. d4 Nf6 2. c4 g6 3. Nc3 Bg7 4. e4 d6 5. Nf3 O-O 6. Be2 e5 7. O-O Nc6 8. d5 Ne7
9. b4 a5 10. Ba3 Ne8 11. c5 f5 12. Nd2 f4 13. Bg4 Kh8 14. Bxc8 Nxc8 15. b5 g5
16. f3 Rg8 17. Nc4 Bf8 18. cxd6 cxd6 19. Rc1 Nf6 20. Na4 Nd7 21. Qc2 Ndb6 22.
Naxb6 Nxb6 23. Qf2 Na4 24. Nb2 Nc5 25. Bxc5 dxc5 26. Nd3 Bd6 27. Nxc5 Qb6 28.
a4 g4 29. Ne6 Qxf2+ 30. Rxf2 gxf3 31. Rxf3 Rg4 32. Rc2 Rag8 33. Kf1 h5 34. b6
1-0